004460000a220008500045001000020000002450022000203000051000425200222000937730045003151 aJunca, Humberto10aTejo en Versalles aVol.0, núm.22 (Julio, 2007), Páginas 34-35 aEl artista Carlos Castro expone hasta el 27 de julio una obra que revela la radical ironía con que los artistas jóvenes colombianos están mirando el asunto de la presunta identidad colombiana. ¿Quiénes somos?0 tArcadia / Andrés Felipe Solano, Editor